000 00651nam a2200217 a 4500
001 50018
003 BD-RjUL
005 20211209075438.0
008 160823m19651951njua 000 0 eng
035 _a(BD-RjUL)50138
040 _aDLC
_cDLC
_dDLC
_dBD-RjUL
_beng
041 _aeng
082 0 0 _a796
_223
_bPHY 1965
245 1 0 _aPhysical education handbook
_cDon Cash Seaton [and others]
250 _a4th ed.
260 _aEnglewood Cliffs, N.J. :
_bPrentice-Hall,
_c1965.
300 _axii, 356 p.
_bill ;
_c28 cm.
650 0 _aPhysical education and training
_vStudy and teaching
_9149899
700 _aSeaton, Don Cash
_9149466
942 _2ddc
_cBK
999 _c50018
_d50018